Statistiques concernant Les Simpson - Citations de personnages

Cliquez ici pour prendre le quiz!

Statistiques générales

  • Ce quiz a été pris 168 fois
  • Le résultat moyen est 6 sur 13

Statistiques - réponses

CitationPersonnage% Correct
D'ohHomer
100%
ExcellentBurns
88%
Va te faire shampouinerBart
87%
Ha-haNelson
84%
Si quelqu'un me cherche je serai dans ma chambreLisa
72%
Merci revenez nous voirApu
46%
Vous m'avez sûrement déjà vu dans ...Troy McClure
43%
Skinner !Chalmers
42%
Ah mon œil, faut surtout pas qu'il y ait du pudding dedansLenny
21%
Bonjour tout le mondeDr. Nick
20%
Me faites pas courir je me suis gavé de chocolatUter
15%
C'est le pire épisode qu'on ait vuvendeur de BD
13%
J'ai mon t-shirt qui me pique, ça t'embête si je l'enlèveJimbo
10%

Distribution des résultats

Percentile par nombre de réponses

% des personnes avec chaque résultat

Votre développement - résultats

Vous n’avez pas pris ce quiz